01008nam a2200301 i 45000010005000000030009000050050017000140080039000310150017000700400028000870800011001150800011001260800012001371000028001492450044001772600109002213000039003303800016003693880014003853880014003995040024004135210086004376500014005236500014005376550030005516580028005818560097006094068KOSZ 00520211108145326.0970903s1988 pl a f f |000 0 pol aPB 1990/6550 aWA NcWA NdKOSZ 005/HR a629.33 a621.01 a(075.8)1 aSiłka, WojciecheAutor10aMechanika samochodu /cWojciech Siłka. aWarszawa :bPolitechnika Rzeszowska im. Ignacego Łukasiewicza. Redakcja Wydawnictw Uczelnianych,c1988. a199, [2]s. :brys., wykr. ;c24cm. aKsiążki a1901-2000 a1945-1989 aBibliogr. s. [201]. aDla studentów Wydziału Mechanicznego do przedmiotu Mechanika ruchu pojazdów. 4aSamochody 4aMechanika 4aPodręczniki akademickie aInżynieria i technika uhttp://koha.tu.koszalin.pl/cgi-bin/koha/opac-detail.pl?biblionumber=4068yKatalog online BPK